Start the tape this math is fun! (Record no. 77366)

MARC details
000 -CABECERA
campo de control de longitud fija 00491nam a2200193 a 4500
005 - FECHA Y HORA DE LA ÚLTIMA TRANSACCIÓN
campo de control 20210219153445.0
008 - ELEMENTOS DE LONGITUD FIJA--INFORMACIÓN GENERAL
campo de control de longitud fija 991125n 000 0 u
035 ## - NÚMERO DE CONTROL DEL SISTEMA
Número de control de sistema UPN01000101005
100 ## - ASIENTO PRINCIPAL--NOMBRE PERSONAL
Nombre de persona CONKLIN, Faith
222 ## - TÍTULO CLAVE
Título clave GRADE TEACHER
245 ## - MENCIÓN DE TÍTULO
Título Start the tape this math is fun!
300 ## - DESCRIPCIÓN FÍSICA
Extensión 80-81
362 ## - FECHAS DE PUBLICACIÓN Y/O DESIGNACIÓN SECUENCIAL
Fecha de publicación y/o designación secuencial 1968 Vol. 85, no. 7 (mar.)
653 0# - TERMINO DE INDIZACION - NO CONTROLADO
Término no controlado AUXILIARES AUDIOVISUALES
653 0# - TERMINO DE INDIZACION - NO CONTROLADO
Término no controlado ENSEÑANZA
653 0# - TERMINO DE INDIZACION - NO CONTROLADO
Término no controlado MATEMATICAS
904 ## - ELEMENTOS DE DATOS D LOCAL, LDD (RLIN)
a AC
b 038816
905 ## - TIPO DE MATERIAL
Tipo de material Articulo

No items available.